00683nam a2200241 a 4500001001300000003000900013005001700022008004100039020000900080082001600089100002400105245003200129260003400161300000900195500003500204505001600239650001800255700002400273902000800297942000700305952011400312999001500426nice12345678IN_TiNIC20260116011720.0050524s1979 dela grp 000 0 urd  ac2000a922.97bAZE aAzeem, Akhtar Viqar aShibli Ba Haisiyat Moarrikh aDelhibEteqad Pub.Housec1979 a224p aincludes index and biblioraphy2 aUrdu-Arabic aShibli Nomani1 aAzeem, Akhtar Viqar bSRS cBK 001040708StackRoom-aHMIbHMId2007-06-06g20.00l0o922.97 AZEp09933r2007-06-06v20.00w2005-05-24yBK c3512d3512